Statistics for Largest Islands in the Caribbean - Extreme

Click here to take the quiz!

General Stats

  • This quiz has been taken 44 times
  • The average score is 31 of 90

Answer Stats

Area (km²)Island% Correct
105,806Cuba
100%
73,929Hispaniola
97%
4,827Trinidad
97%
431Barbados
94%
310Grenada
94%
11,188Jamaica
94%
168Saint Kitts
94%
345Saint Vincent
94%
180Aruba
91%
616Saint Lucia
91%
300Tobago
91%
444Curaçao
89%
750Dominica
89%
1,128Martinique
89%
8,896Puerto Rico
89%
279Antigua
86%
93Nevis
86%
87Saint Martin
83%
294Bonaire
80%
161Barbuda
77%
91Anguilla
74%
102Montserrat
74%
196Grand Cayman
57%
21Saint Barthélemy
57%
214Saint Croix
51%
81Saint Thomas
51%
1,020Isla Margarita
49%
647Cozumel
46%
13Saba
46%
848Basse-Terre
43%
2,237Isla de la Juventud
43%
51Saint John
43%
21Sint Eustatius
37%
14Key West
34%
56Tortola
34%
157La Tortuga Island
31%
178Tortuga
31%
587Grande-Terre
29%
135Vieques
26%
125Roatan
23%
26San Andrés
23%
743Gonâve
20%
158Marie Galante
20%
17Providencia
20%
38Cayo Largo del Sur
17%
57Isla Mona
17%
21Virgin Gorda
17%
38Anegada
14%
34Carriacou
14%
26Little Cayman
14%
18Bequia
11%
777Cayo Romano
11%
30Culebra
11%
8Jost Van Dyke
11%
110Saona Island
11%
10Big Corn Island
9%
64Blanquilla Island
9%
13Canouan
9%
36Cayman Brac
9%
15Cayo Grande
9%
37Cristóbal Island
9%
8Isleta de San Juan
9%
8Ronde Island
9%
8Union Island
9%
49Útila
9%
65Ambergris Caye
6%
52Bastimentos Island
6%
27Beata Island
6%
26Big Pine Key
6%
10Catalina Island
6%
16Cayo Agua Island
6%
370Cayo Coco
6%
55Coche Island
6%
24Cubagua
6%
55Guanaja
6%
21La Désirade
6%
40La Orchila
6%
53Popa Island
6%
8Solarte Island
6%
26Cayo Cruz
3%
101Cayo Fragoso
3%
13Cayo Guillermo
3%
335Cayo Sabinal
3%
42Cayo Saetia
3%
61Colón Island
3%
45Grande Cayemite
3%
32Great Harbour Cay
3%
52Île à Vache
3%
9Terre-de-Bas
3%
20Tierra Bomba Island
3%

Score Distribution

Percentile by Number Answered

Percent of People with Each Score

Your Score History

You have not taken this quiz